000
002710000a22000970004500
100
1
_a
Pérez Fernández, Miguel
245
1
0
_a
Tradiciones rabínicas en el Nuevo Testamento
300
_a
vol. 50, núm 4 (20029, Páginas 493-502
773
0
_t
Estudios Bíblicos
942
_c
ANA
999
_c
50332
_d
50332